Inflation and the External Accounts Australia in the 1980s

Salvato in:
Dettagli Bibliografici
Autore principale: Makin, Tony
Natura: Libro
Lingua:inglese
Pubblicazione: Brisbane University of Queensland 1990
Edizione:1. ed.
Serie:Discussion Paper in Economics No.35
Tags: Aggiungi Tag
Nessun Tag, puoi essere il primo ad aggiungerne!!

MARC

LEADER 00000nam a2200000 4500
001 c027967
005 20221215113935.4
041 0 |a eng 
044 |a AU 
245 1 0 |a Inflation and the External Accounts  |b Australia in the 1980s  |c Tony Makin 
250 |a 1. ed. 
264 1 |a Brisbane  |b University of Queensland  |c 1990 
300 |a 14 s. 
490 1 |a Discussion Paper in Economics  |v No.35 
830 0 |a Discussion Paper in Economics  |v No.35 
100 1 |a Makin, Tony